Graph theory / (Record no. 41083)

MARC details
000 -LEADER
fixed length control field 00639nam a22001937a 4500
005 - DATE AND TIME OF LATEST TRANSACTION
control field 20100811151532.0
010 ## - LCCN (DPL NO)
LC control number ENG-99768
020 ## - INTERNATIONAL STANDARD BOOK NUMBER
International Standard Book Number 9789350011218
Terms of availability 120.00
035 ## - SYSTEM CONTROL NUMBER
System control number EN-83300
037 ## - SOURCE OF ACQUISITION
Source of stock number/acquisition DBAd/PUB
082 ## - DEWEY DECIMAL CLASSIFICATION NUMBER
Classification number 511.5
100 ## - MAIN ENTRY--PERSONAL NAME
Personal name Venugopal, K.
245 ## - TITLE STATEMENT
Title Graph theory /
Statement of responsibility, etc by K. Venugopal
260 ## - PUBLICATION, DISTRIBUTION, ETC. (IMPRINT)
Place of publication, distribution, etc Perambalur
Name of publisher, distributor, etc Mercury Printers & Publishers
Date of publication, distribution, etc 2008
270 ## - ADDRESS
City Perambalur
Postal code 621212
300 1# - PHYSICAL DESCRIPTION
Extent 128p.
Dimensions 21cm (pbk)
942 ## - ADDED ENTRY ELEMENTS (KOHA)
Source of classification or shelving scheme Dewey Decimal Classification
Item type English Books
Classification part 511.5
Call number suffix VEN
Holdings
Withdrawn status Lost status Not for loan Collection code Home library Current library Date acquired Source of acquisition Cost, normal purchase price Full call number Barcode Copy number Cost, replacement price Koha item type
    Not For Loan Non-fiction D.B.Act.Division D.B.Act.Division 11/08/2010 DBAD/PUB 120.00 511.5 VEN EN-83300 1 120.00 English Books

© Delhi Public Library
Hit Counter
free hit counter